Elektropneumatický riadiaci obvod pre kontrolné zariadenie
Gespeichert in:
| 1. Verfasser: | |
|---|---|
| Weitere Verfasser: | |
| Format: | Manuskript Buch |
| Sprache: | Slowakisch |
| Veröffentlicht: |
2018
|
| Schlagworte: | |
| Online-Zugang: | http://is.stuba.sk/zp/portal_zp.pl?podrobnosti=123731 |
| Tags: |
Keine Tags, Fügen Sie das erste Tag hinzu!
|
MARC
| LEADER | 00000ntm a22000003a 4500 | ||
|---|---|---|---|
| 001 | stuzp68132 | ||
| 003 | SK-STU | ||
| 005 | 20180820160049.8 | ||
| 007 | ta | ||
| 008 | 150427s2015----xo-----f-mn---000-0-slo-d | ||
| 040 | |a STU |b slo | ||
| 041 | 0 | |a slo | |
| 100 | 1 | |a Totka, Ľuboš |u 063000 |4 aut |U MTF Materiálovotechnologická fakulta |T MTF Ústav výrobných technológií |X 80365 |U M3000 |Y 83 |7 80365 | |
| 242 | 0 | 1 | |a Electropneumatic control circuit for the control device |y eng |
| 245 | 1 | 0 | |a Elektropneumatický riadiaci obvod pre kontrolné zariadenie |
| 260 | |c 2018 | ||
| 650 | 4 | |a elektropneumatický obvod |2 slo | |
| 650 | 4 | |a elektropneumatika |2 slo | |
| 650 | 4 | |a kontrolné zariadenie |2 slo | |
| 650 | 4 | |a FluidSIM |2 slo | |
| 650 | 4 | |a riadiaci obvod |2 slo | |
| 650 | 4 | |a electropneumatics |2 eng | |
| 650 | 4 | |a electropneumatic circuit |2 eng | |
| 650 | 4 | |a control circuit |2 eng | |
| 650 | 4 | |a control device |2 eng | |
| 650 | 4 | |a FluidSIM |2 eng | |
| 700 | 1 | |a Mudriková, Andrea |u 063000 |k Z2 |4 ths |U MTF Materiálovotechnologická fakulta |T MTF Ústav výrobných technológií |X 2218 |U M3000 |Y 83 |7 A000002218 | |
| 856 | 4 | |u http://is.stuba.sk/zp/portal_zp.pl?podrobnosti=123731 | |
| 996 | |c M* BP-8332 |l MMSKP |s P |a 0 |w stuzp68132_0001 | ||